000 00596nam a2200241Ia 4500
003 OSt
005 20221005122917.0
006 a|||||r|||| 00| 0
007 ta
008 221004b |||||||| |||| 00| 0 tam d
024 _a48466
037 _cTextual
040 _aCRL
_cCRL
_btam
041 _2tam
_atam
082 _aO31,1M76x, P2
100 _aPerumal A.K.
_9228825
245 0 _aKavimaniyin kavithaigal
260 _c2002
300 _a630p.
_ccm.
650 _aTAMIL LANGUAGE
942 _hO31,1M76x, P2
_cTEXL
_2cc
999 _c1045765
_d1045765